000 00516nam a22001817a 4500
999 _c172718
_d172718
005 20200211172616.0
010 _aENG-127695
020 _c250.00
_a9789352666911
035 _aEN-111227
037 _bDBAD/PUB
082 _a250.34
100 _aJagriti Shivpuri
245 _aI the inception of jiriki
_cby Jagriti Shivpuri
260 _aNew Delhi
_c2018
_bPrabhat Prakashan
270 _a4/19 AsafAli Road,
_aNew Delhi
_e110002
300 _a119p.
_b22cm(hb)
942 _2ddc
_cEN
_h250.34
_mJAG